000 03142ntaaa2200517 4500
003 01
005 20251027203240.0
008 0714s1973 ag 01
020 _a9789871382149
040 _aAR-BaBN
_bspa
_cAR-BaBN
_eaacr
_dRIC
082 _a296.387 2 As76
082 _a296.387 2 As76 (II)
100 _aAssis, Yom Tov
_934843
245 _aEncuentros culturales de judíos, paganos, cristianos y musulmanes /
_cYom Tov Assis, Florinda Goldberg, y Raquel Sperber, y Orna Stolia
250 _a1ª ed.
260 _aBuenos Aires :
_bLilmod,
_c2009
300 _a368 p. ;
_c22x15 cm.
490 _aBiblioteca Universitaria de la Cultura Judía ;
_v3,4
505 _tEncuentros culturales de judíos y no judíos en la historia. Introducción /
_rAssis, Yom Tov
505 _tTextos hebreos y arameos del período helenístico /
_rDelcor, Mathias
505 _tLa literatura judeo-griega del período helenístico /
_rWalter, NIkolaus
505 _tCulto y cultura. Los límites de la helenización en Judea /
_rCollins, John J.
505 _tA la búsqueda del historicismo. La retórica de las peticiones /
_rKovelman, Arkady
505 _tJudaísmo helenístico /
_rGruen, Erich
505 _tEl trasfondo judío del cristianismo /
_rSchwartz, Daniel
505 _tLa cultura rabínica en Babilonia /
_rGafni, Isaish
505 _tUn imperio cristiano. La cultura judía en el mundo bizantino /
_rIrshai, Oded
505 _tEncuentros culturales de judíos y no judíos en la Edad Media. Introducción /
_rAssis, Yom Tov
505 _tMercaderes e intelectuales, rabinos y poetas. La cultura judeo-árabe en la Edad de Oro del islam /
_rScheindlin, Raymond P.
505 _tAlgunas reflexiones acerca del carácter de la poesía hebrea en Sefarad /
_rFleischer, Ezra
505 _tEl contexto oculto a la vista. Los productos literarios del encuentro tricultural en la Edad Media /
_rDrory, Rina
505 _t"El exilio de Sefarad en Provenza". La revolución cultural y religiosa del judaísmo provenzal en los siglos XII y XIII /
_rAssis, Yom Tov
505 _tLos científicos judíos de la corte de Alfonso X. Ishaq ben Sayyid y Yehuda den Mossé (activos entre 1250 y 1279) /
_rRomano, David
505 _tLa tradición judeo-árabe en la España cristiana /
_rAssis, Yom Tov
505 _tJudíos y mozárabes en Toledo castellana (1085-1315). Vidas paralelas, vidas conjuntas, destinos divergentes /
_rOlstein, Diego
505 _tHacia una valoración global de la presencia judía en España /
_rSáenz-Badillos, Angel
505 _tYosef Caspi. Entre Provenza y Sefarad /
_rAslanov, Cyril
505 _tUna simbiosis judeo-cristiana. La cultura temprana de Ashquenaz /
_rMarcus, Ivan G.
505 _tEl makam turco en la cultura musical de los judíos otomanos. Fuentes y ejemplos /
_rSeroussi, Edwin
650 _aVOL I. El Primer milenio: Alejandría, Jerusalem, Babilonia
_934844
650 _aVOL II. De la Antigüedad hasta la baja Edad Media
_934845
700 _aGoldberg, Florinda
_934846
700 _aSperber, Raquel
_934847
700 _aStolia, Orna
_etraductor
_934848
942 _cBK
999 _c27908
_d27908